Entry Topical Term
Number of records used in: 3667
001 - CONTROL NUMBER
003 - CONTROL NUMBER IDENTIFIER
005 - DATE AND TIME OF LATEST TRANSACTION
- control field:
20160429122335.0
008 - FIXED-LENGTH DATA ELEMENTS
- fixed length control field:
160429|| aca||aabn | a|a d
040 ## - CATALOGING SOURCE
- Original cataloging agency:
OSt
- Transcribing agency:
OSt
150 ## - HEADING--TOPICAL TERM
- Topical term or geographic name as entry element:
Management
670 ## - SOURCE DATA FOUND
- Source citation:
Work cat.: (OSt): Jamesa.F.Stoner R.Edmard Freeman Dahiel R. Gilbert, JR. 240, Management, 1995